[Event "Clichy rapid op"]
[Site "Clichy"]
[Date "2019.06.23"]
[Round "1"]
[White "Moussard, Jules"]
[Black "Feldis, Pierre Yves"]
[Result "1-0"]
[WhiteElo "2576"]
[BlackElo "1509"]
[PlyCount "39"]
[EventDate "2019.06.23"]
[EventType "swiss (rapid)"]
[EventRounds "9"]
[EventCountry "FRA"]
[SourceTitle "CBM 191 Extra"]
[Source "ChessBase"]
[SourceDate "2019.09.30"]
[SourceVersion "1"]
[SourceVersionDate "2019.09.30"]
[SourceQuality "1"]

1. b3 Nf6 2. Bb2 g6 3. e4 Bg7 4. e5 Ne4 5. d3 Nc5 6. d4 Ne6 7. Nf3 d6 8. Nbd2 0-0 9. Bc4 c5 10. dxc5 dxc5 11. Ne4 Qc7 12. 0-0 b6 13. Re1 Nd8 14. Qd2 Be6 15. Nf6+ Kh8 16. Re4 Bxc4 17. Rh4 exf6 18. exf6 Ne6 19. fxg7+ Nxg7 20. Qh6 1-0

[Event "Paris Apsap op 73rd"]
[Site "Paris"]
[Date "2004.08.08"]
[Round "9"]
[White "Feldis, Pierre Yves"]
[Black "Cauzard, Vincent"]
[Result "0-1"]
[WhiteElo "1876"]
[BlackElo "1680"]
[PlyCount "92"]
[EventDate "2004.08.??"]
[EventType "swiss"]
[EventRounds "9"]
[EventCountry "FRA"]
[SourceTitle "EXT 2006"]
[Source "ChessBase"]
[SourceDate "2005.11.24"]
[SourceVersion "1"]
[SourceVersionDate "2005.11.24"]
[SourceQuality "1"]

1. e4 d5 2. exd5 Nf6 3. d4 Nxd5 4. c4 Nb6 5. c5 Nd5 6. Bc4 g6 7. Qb3 c6 8. Nf3 Bg7 9. Bd2 0-0 10. Nc3 e6 11. Ne4 b6 12. 0-0 Na6 13. Rfd1 bxc5 14. Nxc5 Rb8 15. Qa4 Nxc5 16. dxc5 Rxb2 17. Qxa7 Rb7 18. Qa3 Bxa1 19. Rxa1 Qf6 20. Re1 Qb2 21. Qd3 Nb4 22. Qe4 Qc2 23. Qe5 Qxc4 24. Re4 Qd5 25. Rxb4 Rxb4 26. Bxb4 Qxa2 27. Bc3 f6 28. Qe3 Qb1+ 29. Ne1 Qf5 30. Nf3 e5 31. Nd2 Be6 32. h3 Bd5 33. g4 Qf4 34. Qxf4 exf4 35. f3 f5 36. Kf2 fxg4 37. hxg4 Re8 38. Bd4 Kf7 39. Nb1 g5 40. Nc3 Rd8 41. Be5 Ke6 42. Bc7 Rd7 43. Bb8 Bxf3 44. Kxf3 Rd3+ 45. Kf2 Rxc3 46. Bd6 Rg3 0-1